000 00830cab a2200289 4500
001 WB3038-26
008 090401t1994 xxu||||| |||| 00| 0 eng d
035 _a(Sirsi) u66638
041 _aeng
245 _aDisabled access
260 _c1994
350 _a0
490 _aRICS Press Release
_v(PR162/94cons) 10 October 1994 (2)
520 _aBuilding regulations should be widened to include disabled access to all new domestic buildings according to the RICS.
650 _aACCESS WORKING PARTY
650 _aACCESS
650 _aBUILDING REGULATIONS PART M
650 _aDISABLED PEOPLE
650 _aDISCRIMINATION
650 _aDOMESTIC PROPERTY
650 _aRESIDENTIAL PROPERTY
_96266
650 _aRICS
650 _aSTUDENT ACCOMMODATION
690 _aHOUSING
942 _n0
948 _c04/03/1997
999 _c41621
_d41621